[Event "I Weekend A"]
[Site "Piacenza ITA"]
[Date "2005.11.05"]
[Round "3"]
[White "Bevilacqua, Roberto"]
[Black "Bellani, Alessandro"]
[Result "1/2-1/2"]
[WhiteElo "2116"]
[BlackElo "2116"]
[PlyCount "59"]
[EventDate "2005.11.04"]

1. e4 c5 2. Nf3 d6 3. d3 Nc6 4. c3 Nf6 5. h3 Bd7 6. g3 g6 7. Bg2 Qc8 8. Be3 Bg7
9. Nbd2 Rb8 10. Rc1 b5 11. d4 c4 12. d5 Nd8 13. b4 O-O 14. Kf1 e5 15. dxe6 fxe6
16. Kg1 Nf7 17. Kh2 e5 18. Qc2 Qb7 19. Rhe1 h6 20. Nh4 Kh7 21. Rcd1 Bc6 22. f3
Nh5 23. Bh1 Bf6 24. Ng2 g5 25. Bf2 Bd8 26. Ne3 Bb6 27. Ndf1 Ng7 28. Nd5 Bxf2
29. Qxf2 h5 30. Nfe3 1/2-1/2

[Event "I Weekend A"]
[Site "Piacenza ITA"]
[Date "2005.11.05"]
[Round "3"]
[White "Borin, Fabio"]
[Black "Bonade', Massimo"]
[Result "1/2-1/2"]
[WhiteElo "2128"]
[BlackElo "2070"]
[PlyCount "76"]
[EventDate "2005.11.04"]

1. e4 c5 2. Nf3 d6 3. d4 cxd4 4. Nxd4 Nf6 5. f3 e5 6. Nb3 Be6 7. c4 Be7 8. Be3
Nbd7 9. Nc3 a6 10. Nd5 Bxd5 11. cxd5 O-O 12. Qd2 b6 13. Be2 Nc5 14. O-O Nfd7
15. Nc1 Qb8 16. b4 Nb7 17. Nb3 f5 18. exf5 Rxf5 19. Qc2 Rf8 20. Qc6 Nf6 21.
Rfd1 Rc8 22. Qa4 b5 23. Qa3 Rc3 24. Bd2 Rc8 25. Be1 Qc7 26. Rac1 Qd7 27. Kh1
Rxc1 28. Qxc1 Rc8 29. Qa3 Ra8 30. Qc1 Rc8 31. Qe3 Bd8 32. Bd3 Nxd5 33. Bxh7+
Kxh7 34. Qe4+ Kh8 35. Qxd5 Qc6 36. Qf7 Qc4 37. Qh5+ Kg8 38. Qe8+ Kh7 1/2-1/2

[Event "I Weekend A"]
[Site "Piacenza ITA"]
[Date "2005.11.05"]
[Round "3"]
[White "Brancaleoni, Maurizio"]
[Black "Garofalo, Sergio"]
[Result "1-0"]
[WhiteElo "2308"]
[BlackElo "1907"]
[PlyCount "53"]
[EventDate "2005.11.04"]

1. c4 f5 2. Nf3 Nf6 3. g3 e6 4. Bg2 Be7 5. O-O O-O 6. d3 d6 7. Nc3 c6 8. e4 e5
9. c5 Qe8 10. Re1 Qh5 11. Nd2 Ng4 12. h3 Nf6 13. Qxh5 Nxh5 14. exf5 d5 15. d4
Rxf5 16. g4 Rxf2 17. Rxe5 Rxg2+ 18. Kxg2 Nf4+ 19. Kf3 Ne6 20. Nb3 Bf6 21. Re2
Na6 22. Be3 Bd7 23. Kg2 Rf8 24. a3 Naxc5 25. Nxc5 Nxc5 26. dxc5 d4 27. Rd1 1-0

[Event "I Weekend A"]
[Site "Piacenza ITA"]
[Date "2005.11.05"]
[Round "3"]
[White "Drei, Andrea"]
[Black "Capata, Ion"]
[Result "1-0"]
[WhiteElo "2274"]
[BlackElo "2090"]
[PlyCount "81"]
[EventDate "2005.11.04"]

1. e4 e5 2. Nf3 Nc6 3. d4 exd4 4. Bc4 Nf6 5. e5 d5 6. Bb5 Ne4 7. Nxd4 Bd7 8.
Bxc6 bxc6 9. O-O Bc5 10. f3 Ng5 11. f4 Ne6 12. Be3 g6 13. Kh1 Bxd4 14. Bxd4 Qh4
15. Nc3 O-O 16. Ne2 Ng7 17. Qd2 Nh5 18. Bf2 Qe7 19. b4 Rfe8 20. Rae1 Rab8 21.
Bc5 Qh4 22. Kg1 Bf5 23. Nd4 Bd7 24. a4 Ng7 25. a5 a6 26. Qd3 Ra8 27. Qd2 Ne6
28. Nb3 Rab8 29. c3 Kh8 30. Be3 Rg8 31. Bd4 Qg4 32. Nc5 Nxc5 33. e6+ Rg7 34.
exd7 Nxd7 35. Bxg7+ Kxg7 36. Re7 Kf8 37. h3 Qh4 38. Rxd7 Ke8 39. Rxc7 Qf6 40.
Qe3+ Kd8 41. Qa7 1-0

[Event "I Weekend A"]
[Site "Piacenza ITA"]
[Date "2005.11.05"]
[Round "3"]
[White "Ficco, Corrado"]
[Black "Grillo, Francesco"]
[Result "1-0"]
[WhiteElo "2172"]
[BlackElo "2037"]
[PlyCount "93"]
[EventDate "2005.11.04"]

1. e4 d5 2. exd5 Qxd5 3. d4 Nf6 4. Nf3 c6 5. Be2 Bf5 6. O-O e6 7. c4 Qd6 8. Nc3
Nbd7 9. Be3 Be7 10. Qd2 Ne4 11. Nxe4 Bxe4 12. a3 Qc7 13. b4 O-O 14. Ng5 Bg6 15.
Bd3 Bxd3 16. Qxd3 Nf6 17. Rfe1 Rfd8 18. Qc2 Rac8 19. Rad1 a5 20. Qb3 axb4 21.
axb4 h6 22. Nf3 b5 23. Rc1 Qb8 24. c5 Nd5 25. Ra1 Qb7 26. Ra3 Ra8 27. Rea1 Bf6
28. g3 Nc7 29. Ra5 Rxa5 30. Rxa5 Ra8 31. Qa2 Bd8 32. Qa1 Rxa5 33. Qxa5 Qa8 34.
Qxa8 Nxa8 35. Ne5 Bf6 36. Nxc6 Nc7 37. Na7 Kf8 38. Bf4 Nd5 39. c6 Bxd4 40. Nxb5
e5 41. Bd2 Ke7 42. Kg2 Bb6 43. g4 Nc7 44. Nxc7 Bxc7 45. b5 f5 46. gxf5 Kf6 47.
Be3 1-0

[Event "I Weekend A"]
[Site "Piacenza ITA"]
[Date "2005.11.05"]
[Round "3"]
[White "Gaggino, Davide"]
[Black "Candura, Stefano"]
[Result "1/2-1/2"]
[WhiteElo "2008"]
[BlackElo "2039"]
[PlyCount "49"]
[EventDate "2005.11.04"]

1. Nf3 d5 2. d4 e6 3. Nbd2 f5 4. Ne5 Nf6 5. Ndf3 Bd6 6. Bf4 O-O 7. e3 c5 8. c3
Nc6 9. Bb5 Qc7 10. Qa4 Ne7 11. O-O Ne4 12. Rac1 h6 13. h4 Kh7 14. Qc2 c4 15.
Qe2 a6 16. Ba4 b5 17. Bc2 Bd7 18. Nxd7 Qxd7 19. Ne5 Bxe5 20. Bxe5 Nc6 21. Bxe4
Nxe5 22. Bb1 Nf7 23. g3 Nd6 24. f3 Qb7 25. Rce1 1/2-1/2

[Event "I Weekend A"]
[Site "Piacenza ITA"]
[Date "2005.11.05"]
[Round "3"]
[White "Giannetta, Paolo"]
[Black "Tencati, Giuseppe"]
[Result "0-1"]
[WhiteElo "2039"]
[BlackElo "2132"]
[PlyCount "76"]
[EventDate "2005.11.04"]

1. d4 d5 2. Bg5 c6 3. Nf3 Bf5 4. e3 Nd7 5. Bd3 Bg6 6. O-O Ngf6 7. c4 e6 8. Nc3
Be7 9. c5 Ne4 10. Bf4 f5 11. Ne5 Nxe5 12. Bxe5 O-O 13. f3 Nxc3 14. bxc3 b6 15.
cxb6 axb6 16. a4 Bd6 17. f4 Be8 18. Qe2 c5 19. Bb5 Bxe5 20. fxe5 c4 21. Rfb1
Bxb5 22. Rxb5 Ra6 23. Rb4 Qc7 24. Qb2 Rfa8 25. Qc2 h6 26. g4 Rf8 27. gxf5 Rxf5
28. e4 Rg5+ 29. Kh1 Qc6 30. Qe2 b5 31. Rf1 Rxa4 32. h4 Rg6 33. Qf3 dxe4 34.
Qf7+ Kh7 35. h5 Rg5 36. Rb2 e3+ 37. Rf3 Rg3 38. d5 Qxd5 0-1

[Event "I Weekend A"]
[Site "Piacenza ITA"]
[Date "2005.11.05"]
[Round "3"]
[White "Guanciale, Orazio"]
[Black "Rigo, Gianfrancesco"]
[Result "1-0"]
[WhiteElo "2154"]
[BlackElo "2028"]
[PlyCount "90"]
[EventDate "2005.11.04"]

1. d4 e6 2. Nc3 b6 3. e4 Bb7 4. Bd3 Bb4 5. Nf3 Nf6 6. Qe2 d5 7. exd5 Nxd5 8.
Bd2 Nf6 9. O-O O-O 10. Rad1 Nc6 11. Bg5 Be7 12. a3 h6 13. Bf4 Bd6 14. Be5 Nd7
15. Rfe1 Re8 16. Qe3 Ncxe5 17. Nxe5 Nf6 18. Bb5 Rf8 19. h3 a6 20. Bc6 Bxc6 21.
Nxc6 Qc8 22. Qf3 Kh8 23. Ne4 Nxe4 24. Rxe4 Qb7 25. Rh4 b5 26. b4 Rae8 27. Qc3
f6 28. Re4 Qb6 29. Rde1 e5 30. dxe5 fxe5 31. R1e2 Rf5 32. Nd4 Rf6 33. Nf3 Ref8
34. Qe3 c5 35. Nxe5 Qc7 36. c3 cxb4 37. cxb4 Rc8 38. g3 Qc3 39. Qxc3 Rxc3 40.
R2e3 Bxe5 41. Rxe5 Rf3 42. Kg2 Rcxe3 43. Rxe3 Rf6 44. f4 Kg8 45. Kf3 Kf7 1-0

[Event "I Weekend A"]
[Site "Piacenza ITA"]
[Date "2005.11.05"]
[Round "3"]
[White "Magrini, Fabrizio"]
[Black "Mussap, Angelo"]
[Result "1/2-1/2"]
[WhiteElo "2067"]
[BlackElo "2107"]
[PlyCount "74"]
[EventDate "2005.11.04"]

1. e4 c5 2. Nf3 Nc6 3. d4 cxd4 4. Nxd4 Nf6 5. Nc3 a6 6. Nxc6 bxc6 7. e5 Ng8 8.
Bc4 g6 9. Qf3 e6 10. O-O Bg7 11. Bf4 Ne7 12. Ne4 O-O 13. Nf6+ Bxf6 14. exf6 Nf5
15. g4 Nd4 16. Qe4 Qxf6 17. g5 Qg7 18. Rad1 e5 19. Rxd4 exf4 20. Qxf4 d5 21.
Bb3 Bh3 22. Rfd1 Rae8 23. c4 Re5 24. Qg3 Bd7 25. cxd5 Rfe8 26. dxc6 Re1+ 27.
Kg2 Bxc6+ 28. Kh3 Rxd1 29. Rxd1 Bb7 30. Qc7 Bc8+ 31. Kg2 Qf8 32. Ba4 Qb4 33.
Bxe8 Qg4+ 34. Qg3 Qxd1 35. Qf3 Bb7 36. Bxf7+ Kg7 37. Qxb7 Qg4+ 1/2-1/2

[Event "I Weekend A"]
[Site "Piacenza ITA"]
[Date "2005.11.05"]
[Round "3"]
[White "Marmili, Giulio"]
[Black "Barberi, Alessandro"]
[Result "0-1"]
[WhiteElo "2066"]
[BlackElo "2110"]
[PlyCount "104"]
[EventDate "2005.11.04"]

1. c4 g6 2. Nc3 Bg7 3. g3 e5 4. Bg2 Ne7 5. e3 c5 6. Nge2 Nbc6 7. O-O O-O 8. Rb1
d6 9. a3 a5 10. Nd5 Be6 11. Nec3 f5 12. d3 g5 13. f4 Ng6 14. Bd2 gxf4 15. exf4
Rf7 16. Kh1 Bf8 17. b4 exf4 18. Bxf4 axb4 19. axb4 cxb4 20. Ne2 Ra3 21. Bc1 Qa5
22. Bxa3 bxa3 23. Ndc3 Bg7 24. Na2 Bb2 25. Qe1 Kg7 26. Nec3 Re7 27. Nd1 Bd4 28.
Qxa5 Nxa5 29. Ndc3 Ne5 30. Nb5 Bb2 31. Nxa3 Bxa3 32. Rb5 Naxc4 33. Rxb7 Rxb7
34. Bxb7 Nxd3 35. Nc3 Nd2 36. Rg1 Kf6 37. Kg2 Nc5 38. Bc6 Ke5 39. Re1+ Nde4 40.
Nb5 Bb4 41. Rb1 Bd2 42. Ra1 d5 43. Ra7 h6 44. Re7 Bg5 45. Re8 Nd6 46. Rh8 Nxb5
47. Bxb5 d4 48. h4 Be3 49. Kf3 Bf7 50. Rh7 Bh5+ 51. Kg2 d3 52. Re7+ Kd4 0-1

[Event "I Weekend A"]
[Site "Piacenza ITA"]
[Date "2005.11.05"]
[Round "3"]
[White "Murgia, Andrea"]
[Black "Barletta, Mauro"]
[Result "0-1"]
[WhiteElo "2089"]
[BlackElo "2254"]
[PlyCount "67"]
[EventDate "2005.11.04"]

1. e4 e5 2. Nf3 Nf6 3. Nxe5 d6 4. Nf3 Nxe4 5. d4 d5 6. Bd3 Nc6 7. c3 Be7 8. O-O
Bg4 9. Qb3 Qd6 10. Nfd2 Nf6 11. h3 Be6 12. f4 O-O-O 13. Nf3 Ne4 14. Qc2 f5 15.
b4 Bf6 16. a4 h6 17. Ne5 Bxe5 18. fxe5 Qd7 19. a5 Nb8 20. Na3 c6 21. Bb2 g5 22.
b5 g4 23. hxg4 Rhg8 24. a6 Rxg4 25. axb7+ Qxb7 26. bxc6 Qg7 27. c7 Rg8 28.
cxb8=Q+ Kxb8 29. Bxe4 dxe4 30. Rf2 e3 31. Re2 Bd5 32. Bc1 Bxg2 33. Rxg2 Rxg2+
34. Kh1 0-1

[Event "I Weekend A"]
[Site "Piacenza ITA"]
[Date "2005.11.05"]
[Round "3"]
[White "Panizzi, Giuseppe"]
[Black "Brigati, Alessandro"]
[Result "1/2-1/2"]
[WhiteElo "2145"]
[BlackElo "2006"]
[PlyCount "122"]
[EventDate "2005.11.04"]

1. Nf3 Nf6 2. c4 g6 3. Nc3 Bg7 4. g3 d6 5. Bg2 O-O 6. O-O e5 7. d3 Nc6 8. Rb1
h6 9. h3 Be6 10. Be3 d5 11. cxd5 Nxd5 12. Bc5 Re8 13. Qa4 a6 14. Kh2 Qd7 15. a3
b6 16. Nxd5 Bxd5 17. Be3 b5 18. Qd1 Nd4 19. Ne1 Bxg2 20. Nxg2 c5 21. b4 cxb4
22. axb4 Rec8 23. Bxd4 Qxd4 24. Ne3 Bf8 25. Qb3 Rc3 26. Qd5 Rac8 27. Qb7 R3c6
28. Ng4 Kg7 29. Ra1 R8c7 30. Qb8 h5 31. Ne3 Bxb4 32. Rxa6 Rxa6 33. Qxc7 Bd6 34.
Qb7 Rb6 35. Qf3 Rb8 36. Nd5 f5 37. Rc1 e4 38. dxe4 fxe4 39. Qc3 Qxc3 40. Rxc3
Kf7 41. Rb3 Be5 42. Kg2 Ke6 43. Ne3 b4 44. Kf1 Bc3 45. f3 exf3 46. exf3 Ra8 47.
Ke2 Rd8 48. f4 Rd2+ 49. Kf3 Rb2 50. Rxb2 Bxb2 51. Nc4 Bc3 52. Ke4 b3 53. Na3
Bf6 54. g4 hxg4 55. hxg4 Kd6 56. g5 Bg7 57. f5 gxf5+ 58. Kxf5 Kc5 59. Ke4 Kb4
60. Nb1 b2 61. Kd3 Kb3 1/2-1/2

[Event "I Weekend A"]
[Site "Piacenza ITA"]
[Date "2005.11.05"]
[Round "3"]
[White "Pipitone, Antonio"]
[Black "Nannelli, Paolo"]
[Result "0-1"]
[WhiteElo "2029"]
[BlackElo "2172"]
[PlyCount "88"]
[EventDate "2005.11.04"]

1. e4 e6 2. d4 d5 3. Nc3 dxe4 4. Nxe4 Bd7 5. Nf3 Bc6 6. Bd3 Nd7 7. Be3 Ngf6 8.
Ng3 Be7 9. O-O O-O 10. c3 b6 11. Nd2 Bb7 12. Qc2 c5 13. Nde4 Nd5 14. dxc5 bxc5
15. Rfe1 f5 16. Nd2 f4 17. Bxh7+ Kh8 18. Ngf1 fxe3 19. Nxe3 Bd6 20. g3 N7f6 21.
Bd3 Nxe3 22. Rxe3 Ng4 23. Re2 c4 24. Be4 Bd5 25. Bxd5 exd5 26. Qg6 Nf6 27. Nf3
Qd7 28. Ng5 Rae8 29. Rae1 Rxe2 30. Rxe2 Re8 31. Qc2 Kg8 32. Kg2 Rxe2 33. Qxe2
Qe7 34. Qd2 Qe5 35. h4 Ne4 36. Nxe4 dxe4 37. Qe2 Qd5 38. Kh3 Bc5 39. b3 Qd3 40.
Qh5 Qf1+ 41. Kh2 Qxf2+ 42. Kh3 Qf1+ 43. Kh2 Bg1+ 44. Kh1 Bf2+ 0-1

[Event "I Weekend A"]
[Site "Piacenza ITA"]
[Date "2005.11.05"]
[Round "3"]
[White "Ranola, Yves"]
[Black "Braghetta, Sergio"]
[Result "1/2-1/2"]
[WhiteElo "2455"]
[BlackElo "2277"]
[PlyCount "81"]
[EventDate "2005.11.04"]

1. g3 g6 2. Bg2 Bg7 3. e4 c5 4. Nf3 Nc6 5. O-O e6 6. c3 Nge7 7. d4 cxd4 8. cxd4
d5 9. e5 b6 10. Nc3 Ba6 11. Re1 Qd7 12. Bg5 Rc8 13. Qd2 Kd8 14. Rac1 h6 15. Bf6
Bxf6 16. exf6 Nf5 17. Bh3 Rc7 18. b3 Kc8 19. Bg2 Kb8 20. g4 Nd6 21. Ne5 Nxe5
22. dxe5 Nb7 23. Ne2 Bxe2 24. Qxe2 h5 25. f3 Qc8 26. Qd2 Nc5 27. g5 Qb7 28. Rc2
Rhc8 29. Rec1 Qa6 30. Bf1 Qa3 31. Bb5 a6 32. Be2 Nd7 33. Rxc7 Rxc7 34. Rxc7
Kxc7 35. Qc2+ Kb7 36. f4 Qb4 37. Bxa6+ Kxa6 38. Qc8+ Ka5 39. Qxd7 Qe1+ 40. Kg2
Qe4+ 41. Kg3 1/2-1/2

[Event "I Weekend A"]
[Site "Piacenza ITA"]
[Date "2005.11.05"]
[Round "3"]
[White "Rossi, Aldo A."]
[Black "Meijers, Viesturs"]
[Result "0-1"]
[WhiteElo "2198"]
[BlackElo "2507"]
[PlyCount "66"]
[EventDate "2005.11.04"]

1. d4 Nf6 2. Nf3 e6 3. Bf4 b6 4. e3 Bb7 5. Bd3 c5 6. c3 Be7 7. h3 a6 8. Qe2 d5
9. Ne5 Ne4 10. O-O Nd6 11. Nd2 Nd7 12. Rad1 Nf6 13. Bg5 h6 14. Bxf6 Bxf6 15.
Bc2 Qc7 16. Ng4 Be7 17. Ne5 b5 18. a4 c4 19. axb5 axb5 20. Ra1 O-O 21. e4 b4
22. exd5 Bxd5 23. cxb4 Nb5 24. Ndf3 Bxb4 25. Rac1 Bd6 26. Rfd1 Rfc8 27. Bb1
Rab8 28. h4 f6 29. Ng6 Bf4 30. Nxf4 Qxf4 31. Qd2 Qg4 32. Ne1 Qxh4 33. Qc2 f5
0-1

[Event "I Weekend A"]
[Site "Piacenza ITA"]
[Date "2005.11.05"]
[Round "3"]
[White "Salami, Marco"]
[Black "Peric, Slavisa"]
[Result "0-1"]
[WhiteElo "2202"]
[BlackElo "2308"]
[PlyCount "100"]
[EventDate "2005.11.04"]

1. e4 e6 2. d4 d5 3. Nc3 Nc6 4. Nf3 Nf6 5. Bg5 Be7 6. e5 Ne4 7. Bxe7 Qxe7 8. a3
Nxc3 9. bxc3 Bd7 10. Bd3 Na5 11. O-O c5 12. Qc1 h6 13. Qe3 Rc8 14. Nd2 Ba4 15.
Ra2 O-O 16. f4 Rc7 17. f5 exf5 18. Bxf5 Bd7 19. Bd3 cxd4 20. cxd4 Rfc8 21. Qf4
Be6 22. Raa1 Qg5 23. Qf2 Rxc2 24. Bxc2 Rxc2 25. Rad1 Nc4 26. h4 Qg6 27. Qf4 b5
28. Rf3 Nxd2 29. Rxd2 Rc1+ 30. Rf1 Rc3 31. Rf3 Qb1+ 32. Kh2 Rc1 33. Qe3 Rh1+
34. Kg3 Qg6+ 35. Kf2 Rxh4 36. Rf4 Rh1 37. Qb3 Qg5 38. Qe3 h5 39. Rb2 a6 40. a4
h4 41. Rf3 Qg6 42. axb5 axb5 43. Qd3 Qxd3 44. Rxd3 h3 45. Rdb3 h2 46. Rb1 Rxb1
47. Rxb1 Bf5 48. Re1 b4 49. Kg3 b3 50. Kxh2 b2 0-1

[Event "I Weekend A"]
[Site "Piacenza ITA"]
[Date "2005.11.05"]
[Round "3"]
[White "Scalcione, Michelangelo"]
[Black "Castrogiovanni, Carlo"]
[Result "1-0"]
[WhiteElo "2284"]
[BlackElo "2106"]
[PlyCount "77"]
[EventDate "2005.11.04"]

1. Nf3 Nf6 2. c4 c6 3. d4 d5 4. Nc3 Bg4 5. Ne5 Bf5 6. cxd5 cxd5 7. Qb3 Qb6 8.
Qxb6 axb6 9. g4 Be6 10. g5 Ne4 11. Nb5 Na6 12. f3 Nd6 13. Nxd6+ exd6 14. Nd3
Bf5 15. e3 Be7 16. Bd2 Bxg5 17. h4 Bh6 18. Nf2 O-O 19. Ng4 Bxg4 20. fxg4 f6 21.
Bg2 Nc7 22. Rc1 Rf7 23. Rg1 Re8 24. Rxc7 Rxc7 25. Bxd5+ Kh8 26. g5 fxg5 27.
hxg5 Bxg5 28. Rxg5 h6 29. Rg6 Rd7 30. Ke2 Kh7 31. Rg4 g5 32. Kd3 Kg6 33. Be4+
Kh5 34. Rg1 Rxe4 35. Kxe4 Rf7 36. Be1 g4 37. Bg3 Rf3 38. Bxd6 Kh4 39. d5 1-0

[Event "I Weekend A"]
[Site "Piacenza ITA"]
[Date "2005.11.06"]
[Round "4"]
[White "Barberi, Alessandro"]
[Black "Pace, Pietro Dario"]
[Result "1-0"]
[WhiteElo "2110"]
[BlackElo "2233"]
[PlyCount "69"]
[EventDate "2005.11.04"]

1. d4 d5 2. c4 c6 3. Nf3 Nf6 4. e3 a6 5. b3 b5 6. Nbd2 Bf5 7. Bb2 h6 8. Be2 e6
9. O-O Nbd7 10. Ne5 Rc8 11. f4 Bb4 12. a3 Be7 13. g4 Bh7 14. g5 Ne4 15. g6 Nxe5
16. gxh7 Nxd2 17. Qxd2 Nd7 18. a4 Rxh7 19. cxb5 axb5 20. axb5 c5 21. f5 exf5
22. Rxf5 Nf6 23. Ra7 Bd6 24. Bd3 g6 25. Rf3 Nd7 26. Qg2 Qg5 27. Ra6 Qxg2+ 28.
Kxg2 Ke7 29. e4 cxd4 30. Bxd4 dxe4 31. Bxe4 f5 32. Bc6 Kd8 33. Rd3 Rc7 34. Bc3
Ke7 35. Re3+ 1-0

[Event "I Weekend A"]
[Site "Piacenza ITA"]
[Date "2005.11.06"]
[Round "4"]
[White "Barletta, Mauro"]
[Black "Brancaleoni, Maurizio"]
[Result "0-1"]
[WhiteElo "2254"]
[BlackElo "2308"]
[PlyCount "104"]
[EventDate "2005.11.04"]

1. Nc3 d5 2. d4 Nf6 3. Bg5 Nbd7 4. e3 e6 5. Bd3 c5 6. Nf3 Be7 7. O-O h6 8. Bh4
O-O 9. Re1 a6 10. Bf1 b5 11. e4 Nxe4 12. Bxe7 Nxc3 13. Bxd8 Nxd1 14. Be7 Nxb2
15. Bxf8 Kxf8 16. dxc5 Nxc5 17. Nd4 Bd7 18. Re3 Rc8 19. Rb1 Nca4 20. g4 Nc4 21.
Bxc4 Rxc4 22. Rd1 Nb2 23. Rd2 Ra4 24. Rg3 Nc4 25. Rd1 Rxa2 26. f4 Ke7 27. h4 b4
28. h5 Ba4 29. f5 Nd6 30. fxe6 Ne4 31. Nf5+ Kxe6 32. Rgd3 g6 33. Nd4+ Kf6 34.
hxg6 Kxg6 35. Re1 Bd7 36. Nf3 Be6 37. Re2 Kf6 38. Rg2 Ra1+ 39. Kh2 a5 40. Nd4
Ke5 41. Nb3 Ra3 42. Rd1 a4 43. Nd4 Rc3 44. Nf5 h5 45. gxh5 Bxf5 46. Rb1 b3 47.
cxb3 Rh3+ 48. Kg1 axb3 49. h6 Nc5 50. Re1+ Be4 51. Rg7 Rh1+ 52. Kf2 Nd3+ 0-1

[Event "I Weekend A"]
[Site "Piacenza ITA"]
[Date "2005.11.06"]
[Round "4"]
[White "Bellani, Alessandro"]
[Black "Gaggino, Davide"]
[Result "1-0"]
[WhiteElo "2116"]
[BlackElo "2008"]
[PlyCount "93"]
[EventDate "2005.11.04"]

1. d4 d5 2. c4 c6 3. Nf3 Nf6 4. Nc3 a6 5. e3 b5 6. b3 Bg4 7. h3 Bxf3 8. gxf3 e6
9. c5 g6 10. Bd3 Bg7 11. f4 Ng8 12. h4 h5 13. Bb2 Nh6 14. Qc2 Nf5 15. O-O-O Nd7
16. Rdg1 Nf6 17. f3 Qc7 18. Qd2 O-O-O 19. Ne2 Ng8 20. Bc3 Qb8 21. Kc2 Bf6 22.
Bxf5 exf5 23. a4 Rd7 24. Ba5 Bd8 25. axb5 axb5 26. Ra1 Nf6 27. Ra2 Ra7 28. Rha1
Re8 29. Nc1 Ree7 30. Nd3 Bxa5 31. Rxa5 Rxa5 32. Rxa5 Kb7 33. Nb4 Qc7 34. Ra6
Re6 35. Qc1 Nd7 36. Qa3 Qb8 37. Kd2 Rf6 38. Qa5 Re6 39. Kd1 g5 40. fxg5 f4 41.
e4 dxe4 42. Nxc6 Rxc6 43. Qxb5+ Kc7 44. Rxc6+ Kd8 45. Qxb8+ Nxb8 46. Rd6+ Kc7
47. fxe4 1-0

[Event "I Weekend A"]
[Site "Piacenza ITA"]
[Date "2005.11.06"]
[Round "4"]
[White "Bonade', Massimo"]
[Black "Salami, Marco"]
[Result "0-1"]
[WhiteElo "2070"]
[BlackElo "2202"]
[PlyCount "112"]
[EventDate "2005.11.04"]

1. d4 g6 2. c4 Bg7 3. Nc3 c5 4. e3 Nf6 5. Nf3 O-O 6. Be2 Na6 7. O-O b6 8. d5 d6
9. e4 Nd7 10. Be3 Nc7 11. Qd2 Ne5 12. Nxe5 Bxe5 13. f4 Bg7 14. Bd3 Ne8 15. h3
Kh8 16. Rf3 f5 17. exf5 gxf5 18. Qc2 Bf6 19. Ne2 Ng7 20. Raf1 Qe8 21. b3 a6 22.
Bc1 Bd7 23. Bb2 Qf7 24. Bxf6 Qxf6 25. Qc3 b5 26. Qxf6 Rxf6 27. Re3 Rf7 28. Ng3
Kg8 29. Kf2 Rb8 30. Rfe1 Kf8 31. Nf1 Nh5 32. g3 Nf6 33. Nd2 bxc4 34. Bxc4 Bb5
35. R1e2 Rg7 36. Kf3 Rb7 37. Rg2 h5 38. Rd3 Kf7 39. a4 Bxc4 40. Nxc4 Rg8 41.
Na5 Rb6 42. Nc4 Rb4 43. Ne3 Rgb8 44. Nxf5 Rxb3 45. Rgd2 Nxd5 46. g4 hxg4+ 47.
hxg4 R8b4 48. Kg3 Rxd3+ 49. Rxd3 Nxf4 50. Rf3 e5 51. Nxd6+ Ke6 52. Nf5 c4 53.
Ng7+ Kd5 54. Rf1 c3 55. Kf3 c2 56. Rc1 Rb3+ 0-1

[Event "I Weekend A"]
[Site "Piacenza ITA"]
[Date "2005.11.06"]
[Round "4"]
[White "Braghetta, Sergio"]
[Black "Genocchio, Daniele"]
[Result "1-0"]
[WhiteElo "2277"]
[BlackElo "2348"]
[PlyCount "85"]
[EventDate "2005.11.04"]

1. e4 g6 2. d4 Bg7 3. Nc3 d6 4. Be3 a6 5. f4 Nf6 6. Nf3 O-O 7. Bd3 Nc6 8. d5
Nb8 9. O-O c6 10. Qe1 b5 11. dxc6 Nxc6 12. a4 b4 13. Nd1 Ng4 14. Bd2 d5 15. e5
f6 16. h3 Qb6+ 17. Kh1 fxe5 18. hxg4 e4 19. Qh4 exd3 20. cxd3 e5 21. Ne3 exf4
22. Nxd5 Qa5 23. Qg5 Bf5 24. Ne7+ Nxe7 25. Qxe7 Bxg4 26. Nh2 Qh5 27. Qxb4 g5
28. Bc3 Be2 29. Rf2 Rfe8 30. Kg1 Re3 31. Bxg7 Kxg7 32. Rc1 Qf7 33. Qa5 Qf6 34.
Rc7+ Kh8 35. Qd2 Bxd3 36. Ng4 Qb6 37. Nxe3 Qxc7 38. Qxd3 Rd8 39. Nd5 Qe5 40.
Rd2 Qe1+ 41. Kh2 Qe5 42. Qc3 Qxc3 43. bxc3 1-0

[Event "I Weekend A"]
[Site "Piacenza ITA"]
[Date "2005.11.06"]
[Round "4"]
[White "Candura, Stefano"]
[Black "Borin, Fabio"]
[Result "0-1"]
[WhiteElo "2039"]
[BlackElo "2128"]
[PlyCount "93"]
[EventDate "2005.11.04"]

1. d4 c5 2. e3 g6 3. c3 Bg7 4. Bd3 e5 5. dxe5 Nc6 6. f4 Qh4+ 7. g3 Qd8 8. Nf3
d6 9. exd6 Qxd6 10. Na3 Bh3 11. Bf1 Qxd1+ 12. Kxd1 O-O-O+ 13. Ke2 Bf5 14. Ng5
Rd7 15. e4 Bg4+ 16. Kf2 h6 17. Nf3 Nf6 18. e5 Ne4+ 19. Ke3 f5 20. h3 Nxg3 21.
Rg1 Nxf1+ 22. Rxf1 Bxh3 23. Rg1 Bg4 24. Nc4 Re8 25. Kf2 Bf8 26. Nh4 g5 27. fxg5
hxg5 28. Ng6 Rg7 29. Nxf8 Rxf8 30. b4 cxb4 31. cxb4 Rh8 32. a3 a6 33. Bb2 Rh2+
34. Rg2 Rgh7 35. e6 f4 36. Re1 Rxg2+ 37. Kxg2 Re7 38. Nb6+ Kb8 39. Nd7+ Kc7 40.
Nc5 b6 41. Nxa6+ Kb7 42. b5 Bxe6 43. Rc1 Na5 44. Bf6 Rf7 45. Be5 Bc4 46. Bc3
Nb3 47. Kh2 0-1

[Event "I Weekend A"]
[Site "Piacenza ITA"]
[Date "2005.11.06"]
[Round "4"]
[White "Capata, Ion"]
[Black "Ficco, Corrado"]
[Result "0-1"]
[WhiteElo "2090"]
[BlackElo "2172"]
[PlyCount "80"]
[EventDate "2005.11.04"]

1. d4 e6 2. Nf3 f5 3. g3 Nf6 4. Bg2 d5 5. O-O Bd6 6. b3 Qe7 7. c4 c6 8. Nc3 O-O
9. a4 a5 10. Ne5 Bd7 11. f3 Na6 12. e4 Nb4 13. Nxd7 Nxd7 14. cxd5 exd5 15. exd5
Nxd5 16. Nxd5 cxd5 17. f4 Qf7 18. Qd3 Bb4 19. Ra2 Rfe8 20. Rc2 Rac8 21. Rxc8
Rxc8 22. Bd2 Bxd2 23. Qxd2 b6 24. Rc1 Rxc1+ 25. Qxc1 Qe6 26. Qc8+ Kf7 27. Kf2
Nf6 28. Qc7+ Kg6 29. h3 h6 30. Qe5 Qc6 31. Kg1 Qc3 32. h4 Qxg3 33. h5+ Kxh5 34.
Qxf5+ Kh4 35. Qe5 Ng4 36. Qe7+ Kh5 37. Qe6 Qh2+ 38. Kf1 Qxf4+ 39. Kg1 Qxd4+ 40.
Kh1 Qd1+ 0-1

[Event "I Weekend A"]
[Site "Piacenza ITA"]
[Date "2005.11.06"]
[Round "4"]
[White "Castrogiovanni, Carlo"]
[Black "Pipitone, Antonio"]
[Result "1/2-1/2"]
[WhiteElo "2106"]
[BlackElo "2029"]
[PlyCount "87"]
[EventDate "2005.11.04"]

1. Nf3 Nf6 2. c4 c5 3. g3 g6 4. Bg2 Bg7 5. O-O O-O 6. Nc3 d6 7. d3 Nc6 8. Bd2
e6 9. Qc1 d5 10. cxd5 exd5 11. Bh6 Re8 12. Bxg7 Kxg7 13. e3 Bf5 14. Rd1 Rc8 15.
Ne2 b6 16. b3 d4 17. Qd2 dxe3 18. fxe3 Qe7 19. e4 Be6 20. Qb2 Kg8 21. Rf1 Ng4
22. Qd2 Qf8 23. Qf4 Qh6 24. Qxh6 Nxh6 25. d4 cxd4 26. Nexd4 Nxd4 27. Nxd4 Rc5
28. a3 Rc3 29. b4 Ng4 30. h3 Ne5 31. Kh2 Bc4 32. Rfc1 Rxc1 33. Rxc1 b5 34. Nc2
Rd8 35. Ne3 Rd3 36. Nxc4 Nxc4 37. a4 a6 38. axb5 axb5 39. Bf1 Rd2+ 40. Kh1 Ne5
41. Bg2 Nd3 42. Rc8+ Kg7 43. Rb8 Nxb4 44. Rxb5 1/2-1/2

[Event "I Weekend A"]
[Site "Piacenza ITA"]
[Date "2005.11.06"]
[Round "4"]
[White "Garofalo, Sergio"]
[Black "Bevilacqua, Roberto"]
[Result "0-1"]
[WhiteElo "1907"]
[BlackElo "2116"]
[PlyCount "40"]
[EventDate "2005.11.04"]

1. d4 d5 2. Nf3 Bg4 3. Ne5 Bf5 4. g4 Bc8 5. h3 f6 6. Nd3 Nc6 7. c3 e5 8. Be3 h5
9. gxh5 Rxh5 10. Bg2 Rh4 11. Qb3 Nge7 12. dxe5 Nxe5 13. Nxe5 fxe5 14. Bg5 Rh5
15. Bxd5 Qxd5 16. Qxd5 Nxd5 17. h4 Be7 18. Rg1 Bxg5 19. hxg5 Nf4 20. Na3 Be6
0-1

[Event "I Weekend A"]
[Site "Piacenza ITA"]
[Date "2005.11.06"]
[Round "4"]
[White "Grillo, Francesco"]
[Black "Giannetta, Paolo"]
[Result "1/2-1/2"]
[WhiteElo "2037"]
[BlackElo "2039"]
[PlyCount "80"]
[EventDate "2005.11.04"]

1. d4 d6 2. Nc3 g6 3. e4 Bg7 4. Nf3 Nf6 5. Bf4 O-O 6. Be2 c6 7. a4 Nbd7 8. Qd2
Qc7 9. e5 Nh5 10. exd6 exd6 11. Bh6 Re8 12. Bxg7 Kxg7 13. O-O d5 14. Rfe1 Nf8
15. b4 Ne6 16. Bf1 Bd7 17. Ne5 Rad8 18. Nxd7 Rxd7 19. Re3 Rde7 20. Rae1 Nf6 21.
g3 Kf8 22. Bh3 Ng5 23. Bg2 Ne6 24. h4 h5 25. Bh3 Qd6 26. Ne2 Ne4 27. Qc1 Kg7
28. c3 f5 29. Kg2 Nf6 30. Ng1 Ng4 31. R3e2 Nf8 32. Rxe7+ Rxe7 33. Rxe7+ Qxe7
34. Bxg4 hxg4 35. Qe3 Qxe3 36. fxe3 Ne6 37. Ne2 Kf6 38. Nf4 Nxf4+ 39. exf4 b5
40. axb5 cxb5 1/2-1/2